Regimi di guerra, o Della vita che non merita lutto /

Gespeichert in:
Bibliographische Detailangaben
1. Verfasser: Butler, Judith (Verfasst von)
Weitere Verfasser: Demichelis, Serena (Übersetzung), Guaraldo, Olivia (Geleitwort verfasst von), Mormino, Giacomo (Herausgegeben von)
Format: Buch
Sprache:Italienisch
Veröffentlicht: Roma : Castelvecchi, 2024
Schriftenreihe:Frangenti
Tags: Tag hinzufügen
Keine Tags, Fügen Sie das erste Tag hinzu!

MARC

LEADER 00000nam a22000007i 4500
001 IT\ICCU\UBO\4832462
003 ItRI
005 20260115232212.0
008 241021s2024 it |||||| ||||| |||||c
020 |a 9791256140152 
040 |b ita  |c importazione bologna sebina 
041 7 |a ita  |2 ISO-639-2 
100 1 |a Butler, Judith  |0 IT\ICCU\IEIV\045562  |4 aut 
240 1 0 |a Frames of war, when is life grievable?  |3 IT\ICCU\UBO\4832465  |9 Butler, Judith 
245 1 0 |a Regimi di guerra, o Della vita che non merita lutto /  |c Judith Butler ; introduzione di Olivia Guaraldo ; a cura di Giacomo Mormino ; traduzione di Serena Demichelis e Giacomo Mormino. 
246 1 3 |a Della vita che non merita lutto  |9 IT\ICCU\TSA\1865351 
260 |a Roma :  |b Castelvecchi,  |c 2024 
300 |a 237 p. ;  |c 21 cm 
500 |a anche traduzione  |0 IT\ICCU\RMSV\099966 
700 1 |a Demichelis, Serena  |0 IT\ICCU\TO0V\655728  |4 trl 
700 1 |a Guaraldo, Olivia  |0 IT\ICCU\RAVV\362257  |4 aui 
700 1 |a Mormino, Giacomo  |0 IT\ICCU\RMSV\099966  |4 edt 
790 1 |a Butler, Judith P.  |3 IT\ICCU\CFIV\161887  |z Butler, Judith 
830 0 |a Frangenti  |0 IT\ICCU\PBE\0188198 
942 |2 ddc  |c BK  |n 0 
952 |0 0  |1 0  |4 0  |6 DOC_303_600000000000000_BUT  |7 0  |9 21879  |a BO  |b BO  |d 2026-01-15  |i 21047  |l 0  |o DOC 303.6 BUT  |p BO21047  |r 2026-01-15 23:22:12  |w 2026-01-15  |x [Sebina 5] [1 v.]  |y BK  |z 1 v. 
999 |c 18701  |d 18701